| 000 | 00676nam a2200229 i 4500 | ||
|---|---|---|---|
| 001 | 18023 | ||
| 003 | ES-MaACL | ||
| 005 | 20250911062824.0 | ||
| 007 | t| | ||
| 008 | 010801s2000 sp ||||0| spa j | ||
| 020 | _a84-7522-999-9 | ||
| 040 |
_aM-BN _bspa _cM-BN |
||
| 080 | _a821.134.2(729.1)-14"19" | ||
| 100 | 0 |
_aFernández Retamar, Roberto, _d1930-2019 _950028 |
|
| 245 | 1 | 0 |
_aAquí / _cRoberto Fernández Retamar. |
| 260 |
_aMadrid : _bVisor Libros, _c2000. |
||
| 300 |
_a96 p. ; _c20 cm. |
||
| 490 | 1 |
_aColección Visor de poesía ; _v450 |
|
| 830 | 0 |
_aColección Visor de poesía _v450 _9177331 |
|
| 852 |
_aES-MaACL _jL-24760 _bR.130119 |
||
| 999 |
_c18023 _d18023 |
||